[Event "XXXVIII Benasque Open 2018"]
[Site "Benasque"]
[Date "2018.07.10"]
[Round "6"]
[White "Osmak, Iulija"]
[Black "Iturrizaga Bonelli, Eduardo"]
[Result "0-1"]
[WhiteElo "2392"]
[BlackElo "2652"]
[Annotator "TA"]
[PlyCount "130"]
[EventDate "2018.07.05"]
[EventType "swiss"]
[EventCountry "ESP"]
[SourceTitle "playchess.com"]
[Source "ChessBase"]
[SourceQuality "1"]

{[%evp 17,130,28,39,0,0,0,0,-19,-17,-8,-25,-22,-12,-81,-85,-87,-79,-150,-164,-158,-166,-148,-117,-139,-129,-144,-81,-81,-85,-85,-83,-90,-85,-152,-157,-187,-187,-187,-187,-187,-187,-219,-202,-302,-301,-277,-299,-286,-202,-221,-216,-221,-221,-221,-221,-221,-235,-249,-249,-418,-411,-411,-411,-404,-375,-12831,-12831,-12837,-12827,-12839,-12839,-12842,-12843,-12843,-12842,-12842,-12842,-12842,-12843,-12843,-12843,-12844,-12844,-12845,-12845,-12845,-12846,-12847,-12847,-12849,-12848,-12850,-12850,-12850,-29975,-12851,-29973,-12851,-29972,-12851,-29982,-12851,-29983,-12851,-29986,-12851,-29987,-12851,-29989,-12851,-29990,-12851,-29991,-29996,-29997]} 1. e4 c5 2. Nf3 g6 3. d4 cxd4 4. Qxd4 Nf6 5. Nc3 Nc6 6. Qa4 d6 7. e5 dxe5 8. Nxe5 Bd7 {B27: Sicilian: 2 Nf3, unusual Black 2nd moves} 9. Nxd7 Nxd7 {[%cal Bf6d7,Bd7b6,Bb6c4,Bc4b2][%mdl 32] LiveBook: 25 Games} 10. g3 $146 ({Predecessor:} 10. Bb5 Bg7 11. O-O O-O 12. Bxc6 Nb6 13. Qe4 bxc6 14. Rd1 Qc7 15. Bf4 Qb7 16. Be5 Bxe5 17. Qxe5 {½-½ (42) Vachier Lagrave,M (2745)-Giri,A (2734) Beijing 2013}) 10... Bg7 {The position is equal.} 11. Bg2 O-O 12. O-O Nd4 13. Rd1 Nb6 14. Qa5 Qc8 15. Bg5 (15. Qg5 $11 {remains equal.}) 15... Nc4 $36 {[%mdl 2048] Black has strong initiative.} 16. Qb4 Nxc2 17. Qxe7 (17. Qxb7 $142 Qxb7 18. Bxb7) 17... Nxb2 ({Don't take} 17... Nxa1 18. Bxb7 Qe8 19. Bxa8 $15) 18. Nd5 Nxa1 19. Rxa1 Re8 20. Nf6+ Bxf6 $1 21. Qxf6 {Threatening mate with Bh6.} Qf5 (21... Qc5 $142 $1 {Threatens to win with ...Re6.} 22. Bxb7 Rad8 $1 {[%mdl 512]}) 22. Qxf5 gxf5 23. Bxb7 Rab8 24. Bc6 Re2 25. Rb1 (25. Bd5 $142) 25... Rb6 26. Bf3 {[#]} Nd3 $1 27. Rxb6 Re1+ 28. Kg2 axb6 $19 {[%mdl 4096] Endgame KRN-KB} 29. Be3 Rb1 30. Be2 (30. Bd5 $142) 30... Ne1+ 31. Kh3 Rb2 32. Bc4 Nc2 33. Bc1 Rb1 34. Bf4 b5 35. Bd3 Rb2 36. Bc1 Rxa2 37. Bxb5 Nd4 38. Bd7 $2 (38. Be8 {is the only way for White.}) 38... Rxf2 39. Be3 Re2 40. Bxd4 Rd2 41. Bxf5 $2 (41. Be3 Rxd7 42. Kg2) 41... Rxd4 {KR-KB} 42. Kg2 Kg7 43. Bc8 Rd2+ 44. Kg1 Kf6 45. Bg4 Kg5 46. Bf3 Kf5 47. Bh5 f6 48. Bf3 Ke5 49. Bb7 Kd4 50. Bc6 Ke3 51. Bb7 h5 52. Bc8 {[#]} h4 $1 53. gxh4 Kf3 {[%cal Rd2d1]} 54. Bb7+ Kg4 55. Bc8+ Kxh4 56. Be6 Kg5 57. Bc8 f5 {[%cal Bf6f5,Bf5f4,Bf4f3][%mdl 32]} 58. Be6 f4 59. Bc8 f3 60. Ba6 Kf4 (60... f2+ $19 61. Kg2 Kf4) 61. Bf1 Ke3 (61... f2+ $19 62. Kg2 Ke3) 62. h4 Rd4 (62... f2+ $19 63. Kg2 Rd6) 63. h5 Rh4 (63... f2+ $19 64. Kg2 Rh4) 64. Ba6 Rxh5 65. Bb5 Rxb5 {Precision: White = 33%, Black = 93%.} 0-1

[Event "XXXVIII Benasque Open 2018"]
[Site "Benasque"]
[Date "2018.07.10"]
[Round "6"]
[White "Lopez Mulet, Inigo"]
[Black "Kharitonov, Alexandr"]
[Result "0-1"]
[WhiteElo "2378"]
[BlackElo "2564"]
[Annotator "ChessBase"]
[PlyCount "66"]
[EventDate "2018.07.05"]
[EventType "swiss"]
[EventCountry "ESP"]
[SourceTitle "playchess.com"]
[Source "ChessBase"]
[SourceQuality "1"]
[TimeControl "5400+30"]

1. d4 {[%emt 0:00:00]} Nf6 {[%emt 0:00:00]} 2. c4 {[%emt 0:00:16]} e6 {[%emt 0:00:06]} 3. g3 {[%emt 0:00:09]} c5 {[%emt 0:00:06]} 4. Nf3 {[%emt 0:03:33]} cxd4 {[%emt 0:00:58]} 5. Nxd4 {[%emt 0:00:07]} d5 {[%emt 0:00:32]} 6. Bg2 {[%emt 0:00:21]} e5 {[%emt 0:00:32]} 7. Nf3 {[%emt 0:00:08]} d4 {[%emt 0:00:33]} 8. O-O {[%emt 0:00:11]} Nc6 {[%emt 0:00:13]} 9. e3 {[%emt 0:00:26]} Be7 {[%emt 0:00:25]} 10. exd4 {[%emt 0:00:18]} exd4 {[%emt 0:00:10]} 11. Bf4 {[%emt 0:07:50]} Be6 {[%emt 0:00:18]} 12. Nbd2 {[%emt 0:06:47]} O-O {[%emt 0:01:56]} 13. Ne5 {[%emt 0:03:01]} Nxe5 {[%emt 0:05:52]} 14. Bxe5 {[%emt 0:00:09]} Ng4 {[%emt 0:00:35]} 15. Re1 {[%emt 0:16:34]} Nxe5 {[%emt 0:04:25]} 16. Rxe5 {[%emt 0:00:07]} Qc7 {[%emt 0:04:38]} 17. Rb5 {[%emt 0:08:40]} Rab8 {[%emt 0:00:40]} 18. Rc1 {[%emt 0:00:57]} Rfd8 {[%emt 0:04:45]} 19. Nf3 {[%emt 0:20:27]} d3 {[%emt 0:11:54]} 20. Ng5 {[%emt 0:04:38]} Bxg5 {[%emt 0:12:17]} 21. Rxg5 Rd4 22. Qd2 {[%emt 0:07:33]} Rxc4 {[%emt 0:03:02]} 23. Rxc4 {[%emt 0:03:23]} Qxc4 {[%emt 0:00:26]} 24. Bf1 {[%emt 0:04:08]} h6 {[%emt 0:09:23]} 25. Re5 {[%emt 0:07:24]} Rd8 {[%emt 0:00:54]} 26. Re1 {[%emt 0:03:51]} Qxa2 {[%emt 0:03:38]} 27. Re3 {[%emt 0:01:56]} Bf5 {[%emt 0:01:43]} 28. g4 {[%emt 0:00:29]} Bg6 {[%emt 0:00:53]} 29. f4 {[%emt 0:00:28]} Qc4 {[%emt 0:00:11]} 30. Bg2 {[%emt 0:00:37]} Qc2 {[%emt 0:00:50]} 31. Re2 {[%emt 0:00:30]} dxe2 {[%emt 0:01:44]} 32. Qxd8+ {[%emt 0:00:04]} Kh7 {[%emt 0:00:03]} 33. Qe7 {[%emt 0:00:06]} Qd2 {[%emt 0:00:32]} 0-1

[Event "XXXVIII Benasque Open 2018"]
[Site "Benasque"]
[Date "2018.07.10"]
[Round "6"]
[White "Domingo Nunez, Alejandro"]
[Black "Banusz, Tamas"]
[Result "0-1"]
[WhiteElo "2369"]
[BlackElo "2607"]
[Annotator "ChessBase"]
[PlyCount "72"]
[EventDate "2018.07.05"]
[EventType "swiss"]
[EventCountry "ESP"]
[SourceTitle "playchess.com"]
[Source "ChessBase"]
[SourceQuality "1"]
[TimeControl "5400+30"]

1. e4 {[%emt 0:00:00]} e5 {[%emt 0:02:32]} 2. Nf3 {[%emt 0:00:00]} Nc6 {[%emt 0:00:04]} 3. Bc4 {[%emt 0:00:00]} Nf6 {[%emt 0:00:04]} 4. d3 {[%emt 0:00:03]} h6 {[%emt 0:00:10]} 5. O-O {[%emt 0:00:26]} d6 {[%emt 0:00:06]} 6. c3 {[%emt 0:00:03]} g6 {[%emt 0:00:12]} 7. Re1 {[%emt 0:00:59]} Bg7 {[%emt 0:00:05]} 8. h3 {[%emt 0:00:36]} O-O {[%emt 0:00:07]} 9. Bb3 {[%emt 0:00:03]} a6 {[%emt 0:01:57]} 10. d4 {[%emt 0:06:59]} Re8 {[%emt 0:02:24]} 11. Nbd2 {[%emt 0:01:22]} b5 {[%emt 0:06:48]} 12. a4 {[%emt 0:06:44]} Bb7 {[%emt 0:03:32]} 13. d5 {[%emt 0:08:54]} Ne7 {[%emt 0:01:08]} 14. c4 {[%emt 0:04:30]} c6 {[%emt 0:06:18]} 15. dxc6 {[%emt 0:02:53]} Bxc6 {[%emt 0:09:10]} 16. axb5 {[%emt 0:00:09]} axb5 {[%emt 0:00:05]} 17. Rxa8 {[%emt 0:00:04]} Qxa8 {[%emt 0:01:30]} 18. cxb5 {[%emt 0:00:04]} Bxe4 {[%emt 0:01:32]} 19. Nxe4 {[%emt 0:06:41]} Nxe4 {[%emt 0:00:02]} 20. Bc2 {[%emt 0:06:18]} f5 {[%emt 0:02:47]} 21. Bxe4 {[%emt 0:06:07]} fxe4 {[%emt 0:00:02]} 22. Qb3+ {[%emt 0:00:04]} Kh7 {[%emt 0:05:15]} 23. Nd2 {[%emt 0:00:58]} d5 {[%emt 0:00:05]} 24. Qb4 {[%emt 0:00:03]} Qb7 {[%emt 0:07:05]} 25. Nb3 {[%emt 0:03:46]} Rb8 {[%emt 0:02:27]} 26. Na5 {[%emt 0:03:58]} Qxb5 {[%emt 0:00:25]} 27. Qxe7 {[%emt 0:00:21]} Qxa5 {[%emt 0:00:04]} 28. Rd1 {[%emt 0:06:56]} Qb5 {[%emt 0:04:54]} 29. Qd6 {[%emt 0:07:59]} d4 {[%emt 0:05:00]} 30. Re1 {[%emt 0:02:33]} Qb7 {[%emt 0:02:55]} 31. Qe6 {[%emt 0:03:01]} Rc8 {[%emt 0:00:56]} 32. h4 {[%emt 0:01:19]} Rc2 {[%emt 0:12:22]} 33. h5 {[%emt 0:00:37]} gxh5 {[%emt 0:00:01]} 34. Qf5+ {[%emt 0:01:31]} Kg8 {[%emt 0:00:56]} 35. Bxh6 {[%emt 0:03:45]} Bxh6 {[%emt 0:01:03]} 36. Qe6+ {[%emt 0:00:03]} Qf7 {[%emt 0:00:12]} 0-1